Managerial Accounting (Record no. 1298)
[ view plain ]
| 000 -LEADER | |
|---|---|
| fixed length control field | 00389nam a22001577a 4500 |
| 008 - FIXED-LENGTH DATA ELEMENTS--GENERAL INFORMATION | |
| fixed length control field | 151015b xxu||||| |||| 00| 0 eng d |
| 020 ## - INTERNATIONAL STANDARD BOOK NUMBER | |
| International Standard Book Number | 9780538481229 |
| 041 0# - LANGUAGE CODE | |
| Language code of text/sound track or separate title | eng |
| 080 ## - UNIVERSAL DECIMAL CLASSIFICATION NUMBER | |
| Universal Decimal Classification number | 3 |
| 245 0# - TITLE STATEMENT | |
| Title | Managerial Accounting |
| Statement of responsibility, etc | Oliver Horngren |
| 260 ## - | |
| -- | 2010 |
| 300 ## - | |
| -- | 584 |
| -- | me il. ; |
| -- | 15cm |
| 650 #0 - | |
| -- | Kontabilitet Menagjerial |
| 650 #0 - | |
| -- | Managerial Accounting |
| 942 ## - ADDED ENTRY ELEMENTS (KOHA) | |
| Source of classification or shelving scheme | |
| Item type | Books |
No items available.